<?xml version="1.0" encoding="UTF-8"?>
<record
    xmlns:xsi="http://www.w3.org/2001/XMLSchema-instance"
    xsi:schemaLocation="http://www.loc.gov/MARC21/slim http://www.loc.gov/standards/marcxml/schema/MARC21slim.xsd"
    xmlns="http://www.loc.gov/MARC21/slim">

  <leader>03349nam a2200361 a 4500</leader>
  <controlfield tag="003">EG-GiCUC</controlfield>
  <controlfield tag="005">20250223032936.0</controlfield>
  <controlfield tag="008">220817s2022    ua dh  f m    000 0 eng d</controlfield>
  <datafield tag="040" ind1=" " ind2=" ">
    <subfield code="a">EG-GiCUC</subfield>
    <subfield code="b">eng</subfield>
    <subfield code="c">EG-GiCUC</subfield>
  </datafield>
  <datafield tag="041" ind1="0" ind2=" ">
    <subfield code="a">eng</subfield>
  </datafield>
  <datafield tag="049" ind1=" " ind2=" ">
    <subfield code="a">Deposite </subfield>
  </datafield>
  <datafield tag="097" ind1=" " ind2=" ">
    <subfield code="a">Ph.D</subfield>
  </datafield>
  <datafield tag="099" ind1=" " ind2=" ">
    <subfield code="a">Cai01.21.04.Ph.D.2022.En.E</subfield>
  </datafield>
  <datafield tag="100" ind1="0" ind2=" ">
    <subfield code="a">Enas Said Mohamed Abdalla Eltouny</subfield>
  </datafield>
  <datafield tag="245" ind1="1" ind2="0">
    <subfield code="a">Effect Of Ultrasound On Subserosal And Intramural Fibroids: </subfield>
    <subfield code="b">In Vitro / </subfield>
    <subfield code="c">Enas Said Mohamed Abdalla Eltouny ; Supervised Amel Mohamed Yousef , Abeer Mohamed Eldeeb , Hosameldin Hussin kamal</subfield>
  </datafield>
  <datafield tag="246" ind1="1" ind2="5">
    <subfield code="a">&#x62E;&#x627;&#x631;&#x62C; &#x627;&#x644;&#x62C;&#x633;&#x645; : </subfield>
    <subfield code="b">&#x62A;&#x623;&#x62B;&#x64A;&#x631; &#x627;&#x644;&#x645;&#x648;&#x62C;&#x627;&#x62A; &#x641;&#x648;&#x642; &#x627;&#x644;&#x635;&#x648;&#x62A;&#x64A;&#x629; &#x639;&#x644;&#x64A; &#x627;&#x644;&#x627;&#x648;&#x631;&#x627;&#x645; &#x627;&#x644;&#x644;&#x64A;&#x641;&#x64A;&#x629; &#x62A;&#x62D;&#x62A; &#x627;&#x644;&#x645;&#x635;&#x644;&#x64A;&#x629; &#x648; &#x627;&#x644;&#x62C;&#x645;&#x627;&#x639;&#x64A;&#x629; </subfield>
  </datafield>
  <datafield tag="260" ind1=" " ind2=" ">
    <subfield code="a">Cairo : </subfield>
    <subfield code="b">Enas Said Mohamed Abdalla Eltouny , </subfield>
    <subfield code="c">2022</subfield>
  </datafield>
  <datafield tag="300" ind1=" " ind2=" ">
    <subfield code="a">119 P . : </subfield>
    <subfield code="b">charts , facsimies ; </subfield>
    <subfield code="c">25cm</subfield>
  </datafield>
  <datafield tag="502" ind1=" " ind2=" ">
    <subfield code="a">Thesis (Ph.D.) - Cairo University - Faculty of Physical Therapy - Department of Physical Therapy for Gyneycology &amp; obstetrics</subfield>
  </datafield>
  <datafield tag="520" ind1=" " ind2=" ">
    <subfield code="a">Uterine fibroids are the most common benign tumors that worsen women's health during their reproductive age. However, its negative impact on the women's quality of life, there are few conservative therapeutic options to control it. This study was conducted to investigate the effect of ultrasound waves subserosal and intramural. 46 leiomyomas were divided into 30 leiomyomas as experimental group and 16 leiomyomas as a control groups, each group was subdivided into another 3 groups (A1), (B2), and (C3), received ultrasound (continuous,1 MHZ, 2Watt/cm2) for 15, 30, and 45 minutes respectively in experimental group, while they were not exposed to ultrasound in control group. All sizes of leiomyomas were measured using the fluid displacement method before and after 15, 30, 45 minutes in both groups. The sizes of uterine leiomyomas showed a significant decrease (P-value=0.0001) in all groups (A), (B) &amp; (C) of experimental group after the application of ultrasound, also it showed a significant decrease (P-value=0.049), (P-value=0.034) (Pvalue= 0.011) in group (A), (B) &amp; (C) of experimental group respectively after the application of ultrasound when it compared with control group beyond 15, 30, 45 minutes after the leiomyomas excision. While, the sizes of leiomyomas showed a non-significant difference in-between groups (A), (B) &amp; (C) after the application of ultrasound in experimental group (P=0.99) and beyond 15, 30, 45 minutes after the excision in control group (P=1.00). Histopathological evaluation depending on hematoxylin and eosin (H&amp;E) stains and (Caspase-3) stain were performed after ultrasound application for experimental group and for only 6 leiomyomas selected randomly from control group. In hematoxylin and eosin (H&amp;E) stains after the application of ultrasound, apoptosis was observed in 100% of leiomyoma samples in group (A), (B), and (C)</subfield>
  </datafield>
  <datafield tag="530" ind1=" " ind2=" ">
    <subfield code="a">Issued also as CD</subfield>
  </datafield>
  <datafield tag="650" ind1=" " ind2="0">
    <subfield code="a">Ultrasound clinics</subfield>
  </datafield>
  <datafield tag="653" ind1=" " ind2=" ">
    <subfield code="a">histopathological evaluation</subfield>
  </datafield>
  <datafield tag="653" ind1=" " ind2=" ">
    <subfield code="a">Intramural</subfield>
  </datafield>
  <datafield tag="653" ind1=" " ind2=" ">
    <subfield code="a">Subserosal</subfield>
  </datafield>
  <datafield tag="700" ind1="0" ind2=" ">
    <subfield code="a">Abeer Mohamed Eldeeb , </subfield>
    <subfield code="e">Supervisor</subfield>
  </datafield>
  <datafield tag="700" ind1="0" ind2=" ">
    <subfield code="a">Amel Mohamed Yousef , </subfield>
    <subfield code="e">Supervisor</subfield>
  </datafield>
  <datafield tag="700" ind1="0" ind2=" ">
    <subfield code="a">Hosameldin Hussin kamal , </subfield>
    <subfield code="e">Supervisor</subfield>
  </datafield>
  <datafield tag="856" ind1=" " ind2=" ">
    <subfield code="u">http://172.23.153.220/th.pdf</subfield>
  </datafield>
  <datafield tag="905" ind1=" " ind2=" ">
    <subfield code="a">Amira</subfield>
    <subfield code="e">Cataloger</subfield>
  </datafield>
  <datafield tag="905" ind1=" " ind2=" ">
    <subfield code="a">Enas</subfield>
    <subfield code="e">Revisor</subfield>
  </datafield>
  <datafield tag="942" ind1=" " ind2=" ">
    <subfield code="2">ddc</subfield>
    <subfield code="c">TH</subfield>
  </datafield>
  <datafield tag="999" ind1=" " ind2=" ">
    <subfield code="c">84748</subfield>
    <subfield code="d">84748</subfield>
  </datafield>
  <datafield tag="952" ind1=" " ind2=" ">
    <subfield code="2">ddc</subfield>
    <subfield code="7">0</subfield>
    <subfield code="a">CUCL</subfield>
    <subfield code="b">cl210</subfield>
    <subfield code="d">2024-02-11</subfield>
    <subfield code="o">Cai01.21.04.Ph.D.2022.En.E</subfield>
    <subfield code="p">01010110085678000</subfield>
    <subfield code="r">2023-09-22 00:00:00</subfield>
    <subfield code="y">TH</subfield>
  </datafield>
  <datafield tag="952" ind1=" " ind2=" ">
    <subfield code="2">ddc</subfield>
    <subfield code="7">0</subfield>
    <subfield code="a">CUCL</subfield>
    <subfield code="b">cl2u8</subfield>
    <subfield code="d">2024-02-11</subfield>
    <subfield code="o">Cai01.21.04.Ph.D.2022.En.E</subfield>
    <subfield code="p">01020110085678000</subfield>
    <subfield code="r">2023-09-22 00:00:00</subfield>
    <subfield code="t">85678.CD     </subfield>
    <subfield code="y">CD</subfield>
  </datafield>
</record>
